Region i rynok: opyt konkretnogo analiza.

Osud reformy závisí od toho, ako ju budú podporovať obyvatelia, ako sa rozpracuje reforma na úrovni oblastí, miest a krajov. Teoretici a ekonómovia z praxe i riadiace orgány musia riešiť nasledovné úlohy: poznať stav a priebeh reformy v oblastiach, regiónoch, mestách; rozpracovať systém opatrení zoh...

Descripción completa

Guardado en:
Detalles Bibliográficos
Autor principal: Leksin, V.
Otros Autores: Švecov, A., Širobokova, A.
Formato: Capítulo de libro
Lenguaje:ruso
Materias:
Etiquetas: Agregar Etiqueta
Sin Etiquetas, Sea el primero en etiquetar este registro!

MARC

LEADER 00000naa a2200000 4500
001 r010412
005 20221208123130.8
041 0 |a rus 
044 |a [SU] 
245 1 0 |a Region i rynok: opyt konkretnogo analiza.  |c V. Leksin, A. Švecov, A. Širobokova 
520 |a Osud reformy závisí od toho, ako ju budú podporovať obyvatelia, ako sa rozpracuje reforma na úrovni oblastí, miest a krajov. Teoretici a ekonómovia z praxe i riadiace orgány musia riešiť nasledovné úlohy: poznať stav a priebeh reformy v oblastiach, regiónoch, mestách; rozpracovať systém opatrení zohľadňujúcich všeobecné i regionálne záujmy a aktivizovať prácu na prehĺbení reformy a reformy organizačne a finančne zabezpečiť. 
610 2 0 |a reformy hospodárske 
610 2 0 |a obyvateľstvo 
610 2 0 |a regióny 
610 2 0 |a mestá 
610 2 0 |a kraje 
610 2 0 |a hospodárstvo trhové 
610 2 0 |a politika regionálna 
610 2 0 |a teória a prax 
610 2 0 |a ekonómovia 
100 1 |a Leksin, V. 
700 1 |a Švecov, A. 
700 1 |a Širobokova, A.